The Arya Samaj / (Record no. 17671)

MARC details
000 -LEADER
fixed length control field 00563nam a22001817a 4500
003 - CONTROL NUMBER IDENTIFIER
control field ASL
005 - DATE AND TIME OF LATEST TRANSACTION
control field 20231015025623.0
008 - FIXED-LENGTH DATA ELEMENTS--GENERAL INFORMATION
fixed length control field 170724b xxu||||| |||| 00| 0 eng d
040 ## - CATALOGING SOURCE
Original cataloging agency ASL
Transcribing agency ASL
Modifying agency ASL
082 ## - DEWEY DECIMAL CLASSIFICATION NUMBER
Classification number 294.5563
Item number SHA
100 1# - MAIN ENTRY--PERSONAL NAME
9 (RLIN) 539
Personal name Sharma, Pandit Vishun Lal
245 14 - TITLE STATEMENT
Title The Arya Samaj /
Statement of responsibility, etc. Pandit Vishun Lal Sharma
260 ## - PUBLICATION, DISTRIBUTION, ETC.
Place of publication, distribution, etc. Allahabad:
Name of publisher, distributor, etc. Apurva Krishna Bose at the Indian Press,
Date of publication, distribution, etc. 1912
300 ## - PHYSICAL DESCRIPTION
Extent i, 121 p.:
Dimensions 18 cm.
504 ## - BIBLIOGRAPHY, ETC. NOTE
Bibliography, etc. note Includes bibliographical references
650 ## - SUBJECT ADDED ENTRY--TOPICAL TERM
Source of heading or term Hand Book
General subdivision Arya Samaj
-- Religion
Geographic subdivision India
942 ## - ADDED ENTRY ELEMENTS (KOHA)
Source of classification or shelving scheme Dewey Decimal Classification
Koha item type Books
Holdings
Withdrawn status Lost status Source of classification or shelving scheme Damaged status Not for loan Collection code Home library Current library Shelving location Date acquired Source of acquisition Total Checkouts Full call number Barcode Date last seen Copy number Price effective from Koha item type
    Dewey Decimal Classification   Not For Loan Non-fiction Asiatic Society Library Asiatic Society Library Harrison Collection 02/05/2020 Donated by Prof. John B. Harrison   294.5563 SHA 100804 07/24/2017 1 07/24/2017 Books

Powered by Koha